000 00895nam a22002897a 4500
001 BR7575185
003 BR-BrBNA
005 20230928084853.0
007 ta
008 230509b bl.||||| |||| 00| 0 por d
040 _aBR-BrBNA
_bpor
_cBiblioteca Nacional de Agricultura
041 _a(Por)
072 _aL70
_b5400
090 _ 5400 BR7575185
100 1 _aBernis, W.O.
110 1 _aUniversidade Federal de Minas Gerais, Belo Horizonte (Brasil). Escola de Veterinaria
_0Tese (Mestre)
245 1 _aCerastoplastia lamelar experimental em caes
260 3 _aBelo Horizonte, MG (Brasil):
_c1975.
300 _a47 p.
500 _aSummary (Por). (*) Documento disponível na(o) UFMG, Belo Horizonte, MG (Brazil). Escola de Veterinaria
650 _aTRANSPLANTE
650 _aCIRURGIA
650 _aOLHO
650 _aCAO
909 _a202309
_bLucia
_c55
_dLucia Elande
942 _cBK
999 _c21582
_d21582